[Event "Leipzig VfB op 21st"]
[Site "Leipzig"]
[Date "2014.03.06"]
[Round "5"]
[White "Lange, Martin"]
[Black "Laube, Soeren"]
[Result "0-1"]
[WhiteElo "1872"]
[BlackElo "1992"]
[PlyCount "62"]
[EventDate "2014.03.04"]
[EventType "tourn"]
[EventRounds "9"]
[EventCountry "GER"]
[SourceTitle "CBM 159 Extra"]
[Source "ChessBase"]
[SourceDate "2014.04.24"]
[SourceVersion "1"]
[SourceVersionDate "2014.04.24"]
[SourceQuality "1"]

1. e4 d5 2. exd5 Qxd5 3. Nc3 Qa5 4. Bc4 Nf6 5. h3 Nc6 6. Nf3 Bf5 7. Bb5 a6 8. Bxc6+ bxc6 9. 0-0 Nd5 10. Ne2 Qc5 11. d3 e6 12. c3 Bd6 13. a3 Qb6 14. Ned4 Bg6 15. Nh4 c5 16. Qa4+ Kf8 17. Nxg6+ hxg6 18. Nf3 Rb8 19. c4 Nf6 20. Bd2 Qb7 21. Bc3 Rxh3 22. Qd1 Rh5 23. Re1 Ke7 24. Ne5 Rbh8 25. f3 g5 26. Qe2 Qc8 27. Kf2 g4 28. fxg4 Rxe5 29. Bxe5 Bxe5 30. g5 Bd4+ 31. Kf3 Nd7 0-1

[Event "Leipzig VfB op 21st"]
[Site "Leipzig"]
[Date "2014.03.04"]
[Round "1"]
[White "Petersohn, Sadko"]
[Black "Laube, Soeren"]
[Result "1-0"]
[WhiteElo "1585"]
[BlackElo "1992"]
[PlyCount "113"]
[EventDate "2014.03.04"]
[EventType "tourn"]
[EventRounds "9"]
[EventCountry "GER"]
[SourceTitle "CBM 159 Extra"]
[Source "ChessBase"]
[SourceDate "2014.04.24"]
[SourceVersion "1"]
[SourceVersionDate "2014.04.24"]
[SourceQuality "1"]

1. d4 e6 2. c4 f5 3. g3 Nf6 4. Bg2 c6 5. Nf3 d5 6. Qc2 Bd6 7. c5 Bc7 8. 0-0 0-0 9. b3 b6 10. Bb2 Ba6 11. Re1 bxc5 12. dxc5 Nbd7 13. b4 Rb8 14. a3 Ne4 15. Nc3 Ndf6 16. Nxe4 fxe4 17. Ne5 Bxe5 18. Bxe5 Rb7 19. Bh3 Qd7 20. f3 Qf7 21. Bxf6 Qxf6 22. fxe4 Rbf7 23. exd5 Qd4+ 24. e3 Qxd5 25. Rad1 Qe5 26. Rd6 Rf6 27. Rxc6 Rf2 28. Bxe6+ Kh8 29. Qxf2 Rxf2 30. Kxf2 Bb7 31. Rd6 Qb2+ 32. Re2 Qf6+ 33. Ke1 Qa1+ 34. Rd1 Qc3+ 35. Kf1 h5 36. Rd8+ Kh7 37. Bf5+ Kh6 38. Rd6+ Kg5 39. Bd3 Kg4 40. Rd4+ Kg5 41. Rd6 Kg4 42. Kf2 Qe5 43. Rd4+ Kg5 44. Ke1 Bf3 45. h4+ Kf6 46. Rf4+ Ke7 47. Rxf3 Qc3+ 48. Rd2 Qxa3 49. Rf4 Qa1+ 50. Rd1 Qc3+ 51. Ke2 Qb2+ 52. Rd2 Qc1 53. Rf1 Qc3 54. Rc2 Qxb4 55. c6 Qg4+ 56. Kf2 Kd8 57. c7+ 1-0

[Event "Siebenlehn op 13th"]
[Site "Siebenlehn"]
[Date "2012.12.30"]
[Round "7"]
[White "Gaertner, Matthias"]
[Black "Laube, Soeren"]
[Result "1/2-1/2"]
[WhiteElo "1962"]
[BlackElo "2001"]
[PlyCount "113"]
[EventDate "2012.12.27"]
[EventType "swiss"]
[EventRounds "7"]
[EventCountry "GER"]
[SourceTitle "EXT 2014"]
[Source "ChessBase"]
[SourceDate "2013.11.20"]
[SourceVersion "1"]
[SourceVersionDate "2013.11.20"]
[SourceQuality "1"]

1. e4 d5 2. exd5 Qxd5 3. Nc3 Qa5 4. d4 Nf6 5. Bc4 Bg4 6. Nf3 Nc6 7. Bb5 0-0-0 8. Bxc6 bxc6 9. h3 Bxf3 10. Qxf3 Rxd4 11. 0-0 Kb7 12. Be3 Rb4 13. b3 Rh4 14. Ne2 Qh5 15. Qxh5 Rxh5 16. Nf4 Re5 17. c4 e6 18. Nd3 Rh5 19. Nf4 Ra5 20. Rfd1 Be7 21. a4 c5 22. Nd3 Bd6 23. Bd2 Ra6 24. Bc3 Rb8 25. a5 Kc8 26. Rdb1 Ne8 27. Kf1 f6 28. Ra2 Be7 29. Ke2 Nd6 30. Nxc5 Rc6 31. Nd3 Nxc4 32. b4 Nxa5 33. Bxf6 Bxf6 34. Rxa5 Rcb6 35. Rxa7 Be7 36. Rc1 R6b7 37. Ra6 Rb6 38. Rc6 Bd6 39. Raxb6 Rxb6 40. Rxb6 cxb6 41. b5 Kd7 42. Ke3 Ke7 43. Ke4 Kf6 44. f4 h6 45. g4 g5 46. Ne5 gxf4 47. Nd7+ Kg5 48. Nxb6 Kh4 49. Kf3 Kxh3 50. Nc4 Bb8 51. Nd2 e5 52. b6 Kh4 53. Ne4 Kh3 54. Nf6 Kh4 55. Ne4 Kh3 56. Nf2+ Kh4 57. Ne4 1/2-1/2

[Event "Siebenlehn op 13th"]
[Site "Siebenlehn"]
[Date "2012.12.28"]
[Round "3"]
[White "Friedrich, Jan"]
[Black "Laube, Soeren"]
[Result "1-0"]
[WhiteElo "2244"]
[BlackElo "2001"]
[PlyCount "143"]
[EventDate "2012.12.27"]
[EventType "swiss"]
[EventRounds "7"]
[EventCountry "GER"]
[SourceTitle "EXT 2014"]
[Source "ChessBase"]
[SourceDate "2013.11.20"]
[SourceVersion "1"]
[SourceVersionDate "2013.11.20"]
[SourceQuality "1"]

1. Nf3 f5 2. d3 d6 3. e4 g6 4. exf5 Bxf5 5. d4 Nf6 6. Bc4 Bg7 7. 0-0 d5 8. Bd3 Nc6 9. Re1 Ne4 10. Nc3 Nxc3 11. bxc3 0-0 12. Bxf5 Rxf5 13. Ng5 e5 14. Ne6 Qd6 15. Nxg7 Kxg7 16. Rb1 Raf8 17. dxe5 Nxe5 18. Rxb7 Nf3+ 19. gxf3 Rh5 20. f4 Qd7 21. Qf3 Rf7 22. Be3 Qc6 23. Bd4+ Kh6 24. Rbb1 g5 25. f5 Rh4 26. Re6+ Qxe6 27. fxe6 Rxf3 28. Re1 Rf8 29. e7 Re8 30. Re6+ Kh5 31. f3 Rf4 32. Kg2 g4 33. Be3 gxf3+ 34. Kg3 Rg4+ 35. Kxf3 Rg5 36. Bxg5 Kxg5 37. Re5+ Kf6 38. Kf4 Rxe7 39. Rxe7 Kxe7 40. Ke5 c6 41. h4 a6 42. a3 a5 43. a4 h5 44. Kf5 Kf7 45. c4 dxc4 46. c3 Ke7 47. Ke5 Kd7 48. Kd4 Ke6 49. Kc5 Kf5 50. Kb6 Kg4 51. Kxa5 Kxh4 52. Kb6 Kg3 53. a5 h4 54. a6 h3 55. a7 h2 56. a8Q h1Q 57. Qg8+ Kf2 58. Qxc4 Qb1+ 59. Kxc6 Qg6+ 60. Kb5 Qe8+ 61. Qc6 Qe2+ 62. c4 Qb2+ 63. Kc5 Qa3+ 64. Kb6 Qb4+ 65. Kc7 Qe7+ 66. Kb8 Qd8+ 67. Kb7 Qe7+ 68. Qc7 Qe4+ 69. Ka6 Ke3 70. Qc5+ Kd3 71. Qd5+ Qd4 72. Kb5 1-0

[Event "Leipzig VfB op 19th"]
[Site "Leipzig"]
[Date "2012.03.10"]
[Round "8"]
[White "Dobierzin, Olaf"]
[Black "Laube, Soeren"]
[Result "1/2-1/2"]
[WhiteElo "2098"]
[BlackElo "1939"]
[PlyCount "46"]
[EventDate "2012.03.06"]
[EventType "swiss"]
[EventRounds "9"]
[EventCountry "GER"]
[SourceTitle "CBM 147 Extra"]
[Source "ChessBase"]
[SourceDate "2012.04.24"]
[SourceVersion "1"]
[SourceVersionDate "2012.04.24"]
[SourceQuality "1"]

1. e4 d6 2. d4 g6 3. Nc3 Bg7 4. Be3 c5 5. Bb5+ Bd7 6. Bxd7+ Nxd7 7. Nf3 cxd4 8. Nxd4 Ngf6 9. h3 0-0 10. 0-0 Nc5 11. Qf3 a6 12. Rfd1 Qc7 13. Bg5 Ne6 14. Be3 b5 15. Qe2 Rfc8 16. a3 Nc5 17. Nd5 Qb7 18. Nxf6+ Bxf6 19. f3 Na4 20. c3 Rc7 21. Qf2 Nc5 22. Rac1 Rac8 23. Qe2 Nd7 1/2-1/2

[Event "Leipzig VfB op 19th"]
[Site "Leipzig"]
[Date "2012.03.06"]
[Round "1"]
[White "Weigel, Helmut"]
[Black "Laube, Soeren"]
[Result "0-1"]
[WhiteElo "1530"]
[BlackElo "1939"]
[PlyCount "48"]
[EventDate "2012.03.06"]
[EventType "swiss"]
[EventRounds "9"]
[EventCountry "GER"]
[SourceTitle "CBM 147 Extra"]
[Source "ChessBase"]
[SourceDate "2012.04.24"]
[SourceVersion "1"]
[SourceVersionDate "2012.04.24"]
[SourceQuality "1"]

1. d4 f5 2. c4 Nf6 3. Nc3 e6 4. g3 Be7 5. Bg2 d5 6. cxd5 Nxd5 7. e3 0-0 8. Nge2 b6 9. Nxd5 exd5 10. a3 c6 11. 0-0 Ba6 12. Re1 Nd7 13. b3 Nf6 14. Bb2 Qd6 15. a4 Qd7 16. Ba3 Bxa3 17. Rxa3 Ne4 18. Bf1 Rf6 19. Nf4 Bxf1 20. Kxf1 g5 21. Ng2 Rh6 22. Kg1 f4 23. g4 fxe3 24. Rxe3 Qd6 0-1

[Event "Leipzig VfB op 18th"]
[Site "Leipzig"]
[Date "2011.03.25"]
[Round "6"]
[White "Herfurth, Thomas"]
[Black "Laube, Soeren"]
[Result "1-0"]
[WhiteElo "1873"]
[BlackElo "1990"]
[PlyCount "39"]
[EventDate "2011.03.20"]
[EventType "swiss"]
[EventRounds "9"]
[EventCountry "GER"]
[SourceTitle "CBM 141 Extra"]
[Source "ChessBase"]
[SourceDate "2011.05.03"]
[SourceVersion "1"]
[SourceVersionDate "2011.05.03"]
[SourceQuality "1"]

1. Nc3 c5 2. f4 Nc6 3. g3 d5 4. Bg2 Nf6 5. e3 e5 6. fxe5 Nxe5 7. d4 Bg4 8. Nge2 Nf3+ 9. Bxf3 Bxf3 10. 0-0 Bg4 11. b3 Qc7 12. dxc5 Bxc5 13. Qd3 0-0-0 14. Na4 Bd6 15. Nf4 Be5 16. Bb2 g5 17. Ng2 h5 18. Rxf6 Bxg3 19. hxg3 Qxg3 20. Qc3+ 1-0

[Event "Leipzig VfB op 18th"]
[Site "Leipzig"]
[Date "2011.03.24"]
[Round "4"]
[White "Schmiedek, Jens"]
[Black "Laube, Soeren"]
[Result "0-1"]
[WhiteElo "1800"]
[BlackElo "1990"]
[PlyCount "74"]
[EventDate "2011.03.20"]
[EventType "swiss"]
[EventRounds "9"]
[EventCountry "GER"]
[SourceTitle "CBM 141 Extra"]
[Source "ChessBase"]
[SourceDate "2011.05.03"]
[SourceVersion "1"]
[SourceVersionDate "2011.05.03"]
[SourceQuality "1"]

1. e4 d5 2. exd5 Qxd5 3. Nc3 Qa5 4. Nf3 e5 5. Bc4 Nc6 6. h3 Bf5 7. 0-0 f6 8. Nh4 Nge7 9. Nxf5 Nxf5 10. Ne2 g6 11. c3 Qc5 12. Bd3 0-0-0 13. Bxf5+ gxf5 14. d4 Qd5 15. Qc2 exd4 16. Nxd4 Nxd4 17. cxd4 Rg8 18. g3 h5 19. Bf4 Bd6 20. Bxd6 Rxd6 21. Rac1 Rd7 22. Qc4 f4 23. Qxd5 Rxd5 24. Kg2 Rxd4 25. Rcd1 Rxd1 26. Rxd1 fxg3 27. fxg3 Rd8 28. Rxd8+ Kxd8 29. Kf3 Ke7 30. Ke4 Ke6 31. h4 f5+ 32. Kd4 Kd6 33. b4 c6 34. a4 b6 35. b5 c5+ 36. Kc4 Ke5 37. a5 Ke4 0-1

[Event "Leipzig VfB op 16th"]
[Site "Leipzig"]
[Date "2009.04.02"]
[Round "5"]
[White "Randt, Karl Heinz"]
[Black "Laube, Soeren"]
[Result "1/2-1/2"]
[WhiteElo "2002"]
[BlackElo "1728"]
[PlyCount "69"]
[EventDate "2009.03.31"]
[EventType "swiss"]
[EventRounds "9"]
[EventCountry "GER"]
[SourceTitle "EXT 2010"]
[Source "ChessBase"]
[SourceDate "2010.11.25"]
[SourceVersion "1"]
[SourceVersionDate "2010.11.25"]
[SourceQuality "1"]

1. e4 e5 2. Nf3 Nc6 3. Bb5 a6 4. Ba4 Nf6 5. 0-0 b5 6. Bb3 Be7 7. Re1 0-0 8. c3 d5 9. exd5 Nxd5 10. Nxe5 Nxe5 11. Rxe5 c6 12. d4 Bd6 13. Re1 Qh4 14. g3 Qh3 15. Qd3 Bg4 16. Qf1 Qh5 17. Be3 f5 18. Bxd5+ cxd5 19. f4 Rae8 20. Nd2 Rf6 21. Qg2 Qf7 22. Nf3 Rfe6 23. Ne5 Bxe5 24. dxe5 Rd8 25. h3 Bh5 26. b4 Qc7 27. Bd4 h6 28. Qc2 Rf8 29. Bc5 Rf7 30. Kf2 Qc6 31. Qd3 g5 32. a3 Rg6 33. Rg1 Qe6 34. Qe3 Rfg7 35. Bd4 1/2-1/2

[Event "Leipzig VfB op 15th"]
[Site "Leipzig"]
[Date "2008.03.01"]
[Round "8"]
[White "Staffeldt, Sven"]
[Black "Laube, Soeren"]
[Result "0-1"]
[WhiteElo "1881"]
[BlackElo "1651"]
[PlyCount "122"]
[EventDate "2008.02.26"]
[EventType "swiss"]
[EventRounds "9"]
[EventCountry "GER"]
[SourceTitle "CBM 123 Extra"]
[Source "ChessBase"]
[SourceDate "2008.05.06"]
[SourceVersion "1"]
[SourceVersionDate "2008.05.06"]
[SourceQuality "1"]

1. e4 e5 2. Nf3 Nc6 3. Bc4 Bc5 4. 0-0 d6 5. c3 Bg4 6. d4 exd4 7. Bxf7+ Kxf7 8. Ng5+ Qxg5 9. Qb3+ Be6 10. Qxb7 Qd8 11. Qxc6 Ne7 12. Qa4 Qd7 13. Qc2 Rhf8 14. b4 Bb6 15. a4 dxc3 16. Qxc3 Qc6 17. Qg3 Bd4 18. Ra3 Kg8 19. Be3 Bxe3 20. Qxe3 Qb6 21. Qg5 Ng6 22. Qd2 Ne5 23. Rg3 Rf7 24. Na3 Nc4 25. Nxc4 Bxc4 26. a5 Qb5 27. Rc1 Raf8 28. Rg5 Qa6 29. Qd4 Be6 30. Rc3 Qe2 31. Rc1 Qxf2+ 32. Qxf2 Rxf2 33. h3 R2f7 34. Rg3 Rb8 35. Rgc3 Rxb4 36. Rxc7 Rxc7 37. Rxc7 Rxe4 38. Rxa7 Ra4 39. Ra6 Kf7 40. Rxd6 Rxa5 41. Rd2 Kf6 42. Kh2 h5 43. h4 Ra2 44. Rd3 Bf5 45. Re3 g6 46. Kg1 Ra4 47. g3 Re4 48. Ra3 Ke5 49. Kf2 Rd4 50. Ra5+ Ke4 51. Ra2 Bg4 52. Rb2 Rc4 53. Rd2 Rc3 54. Rb2 Kd3 55. Rb1 Rc2+ 56. Kg1 Ke2 57. Rf1 Rd2 58. Rf2+ Ke3 59. Rf6 Bf5 60. Ra6 Kf3 61. Ra3+ Rd3 0-1